Library Logo

دیوان بیدل مع نکات بیدل / (Record no. 231846)

000 -LEADER
fixed length control field 00473nam a22001697a 4500
003 - CONTROL NUMBER IDENTIFIER
control field BD-DhUL
005 - DATE AND TIME OF LATEST TRANSACTION
control field 20171108153900.0
008 - FIXED-LENGTH DATA ELEMENTS--GENERAL INFORMATION
fixed length control field 171108snd. xx ||||| |||| 00| 0 per d
040 ## - CATALOGING SOURCE
Original cataloging agency BD-DhUL
Transcribing agency BD-DhUL
082 ## - DEWEY DECIMAL CLASSIFICATION NUMBER
Classification number 891.551
Item number BED
100 0# - MAIN ENTRY--PERSONAL NAME
Personal name بیدل
245 0# - TITLE STATEMENT
Title دیوان بیدل مع نکات بیدل /
Statement of responsibility, etc. بیدل
260 ## - PUBLICATION, DISTRIBUTION, ETC. (IMPRINT)
Place of publication, distribution, etc. کانپور :
Name of publisher, distributor, etc. مطبع منشی،
Date of publication, distribution, etc. ۔
300 ## - PHYSICAL DESCRIPTION
Extent ص۔ ۲۵۸ ؛
Dimensions ۲۴ سم۔
650 0# - SUBJECT ADDED ENTRY--TOPICAL TERM
Topical term or geographic name as entry element Persian poetry
942 ## - ADDED ENTRY ELEMENTS (KOHA)
Source of classification or shelving scheme
Koha item type Books
Holdings
Price effective from Date last seen Permanent Location Not for loan Date acquired Source of classification or shelving scheme Koha item type Lost status Withdrawn status Copy number Source of acquisition Collection code Damaged status Shelving location Barcode Current Location Full call number
2017-11-082017-11-08Dhaka University Library 2017-11-08 Books  1purchasedNon Fiction General Stacks13343Dhaka University Library891.551 BED
Last Updated on September 15, 2019
© Dhaka University Library. All Rights Reserved|Staff Login